| 000 | 01738nam a2200361 i 4500 | ||
|---|---|---|---|
| 001 | 991061497392906706 | ||
| 003 | ES-BaIT | ||
| 005 | 20251015132055.0 | ||
| 008 | 250919e202509 sp |||| |||| 0|0 d cat| | ||
| 015 |
_aLL2025 _2bnc |
||
| 017 |
_aDL V 2391-2025 _bOficina DL València |
||
| 020 | _a9788413588216 | ||
| 040 |
_aES-BaBC _bcat _erda _cES-BaBC |
||
| 080 |
_a821.134.1-2 _x"20" _22004 |
||
| 080 | _a849.9-2"20" | ||
| 100 | 1 |
_aCastro Pizarro, Àlex, _d2002- _eautor _9167500 |
|
| 245 | 1 | 3 |
_aEl Gronxador / _cÀlex Castro Pizarro ; introducció Clàudia Serra |
| 250 | _a1a edició | ||
| 264 | 1 |
_aAlzira : _bBromera, _csetembre, 2025 |
|
| 300 |
_a70 pàgines ; _c21 cm |
||
| 336 |
_atext _btxt _2rdacontent |
||
| 337 |
_asense mediació _bn _2rdamedia |
||
| 338 |
_avolum _bnc _2rdacarrier |
||
| 490 | 1 |
_aTeatre Bromera ; _v104 |
|
| 500 | _aP2: D1, H1 | ||
| 520 | _a"En un jardí oblidat al bell mig d’un barri envellit, la Carme, una dona gran lligada al passat, i en Gerard, un funcionari atrapat per les seves pròpies contradiccions, s’enfronten a un dilema profund: la lluita entre la memòria i el progrés. Quan l’Ajuntament decideix enderrocar la casa de la Carme, aquest petit espai es converteix en un camp de batalla on es qüestionen la justícia, la impotència i el sentit de l'existència. Amb un gronxador com a símbol de pèrdues irreparables i esperança tènue, l’obra explora la fragilitat humana davant les forces implacables de la societat." -- Contracoberta | ||
| 586 | _aPremi Ciutat d'Alcoi de Teatre Pep Cortés | ||
| 700 |
_aSerra, Clàudia _eescriptor d'una introducció _9149675 |
||
| 830 | 0 |
_aBromera/teatre _v104 _967018 |
|
| 908 |
_aBC _aCDMAE |
||
| 940 | _aBC | ||
| 942 |
_2udc _c1 |
||
| 999 |
_c136682 _d136682 |
||